Oral pathology : (Record no. 33919)

MARC details
000 -LEADER
fixed length control field 00631nam a22002057a 4500
005 - DATE AND TIME OF LATEST TRANSACTION
control field 20241202133838.0
008 - FIXED-LENGTH DATA ELEMENTS--GENERAL INFORMATION
fixed length control field 231016b |||||||| |||| 00| 0 eng d
020 ## - INTERNATIONAL STANDARD BOOK NUMBER
ISBN 9788131246603
082 ## - DEWEY DECIMAL CLASSIFICATION NUMBER
Classification number 616.31
Item number REG-O
100 ## - MAIN ENTRY--AUTHOR
Author Name Regezi, Joseph A.
245 ## - TITLE STATEMENT
Title Oral pathology :
Remainder of title clinical-pathologic correlations /
Statement of responsibility, etc. Joseph A. Regezi , James J . Sciubba , Richard C.K. Jordan.
250 ## - EDITION STATEMENT
Edition statement 7th ed.
260 ## - PUBLICATION, DISTRIBUTION, ETC.
Place of Publication India :
Name of publisher, distributor, etc. Elsevier ;
Date of publication, distribution, etc. 2017 .
300 ## - PHYSICAL DESCRIPTION
Pages vii, 476 p. :
500 ## - GENERAL NOTE
General note Index Given.
650 ## - SUBJECT ADDED ENTRY--TOPICAL TERM
Subject / Department Dentistry/Medical
700 ## - ADDED ENTRY--PERSONAL NAME
Personal name James J . Sciubba
700 ## - ADDED ENTRY--PERSONAL NAME
Personal name Richard C.K. Jordan.
300 ## - PHYSICAL DESCRIPTION
-- ill ;
-- 28 cm .
952 ## - LOCATION AND ITEM INFORMATION (KOHA)
-- 0
-- 0
952 ## - LOCATION AND ITEM INFORMATION (KOHA)
-- 0
-- 0
952 ## - LOCATION AND ITEM INFORMATION (KOHA)
-- 0
-- 0
952 ## - LOCATION AND ITEM INFORMATION (KOHA)
-- 0
-- 0
952 ## - LOCATION AND ITEM INFORMATION (KOHA)
-- 0
-- 0
Holdings
Lost status Damaged status Collection code Permanent Location Current Location Shelving Location Date acquired Full Call Number Accession No./Barcode Date last seen Copy number item type Koha item type
    Medical Superior Information Resource Center (SIRC) Superior University- Main Campus Superior Information Resource Center (SIRC) Superior University- Main Campus Dentistry 10/16/2023 616.31 REG-O 2017 20863 10/16/2023 1    
    Medical Superior Information Resource Center (SIRC) Superior University- Main Campus Superior Information Resource Center (SIRC) Superior University- Main Campus Dentistry 10/16/2023 616.31 REG-O 2017 20864 10/16/2023 2    
    Medical Superior Information Resource Center (SIRC) Superior University- Main Campus Superior Information Resource Center (SIRC) Superior University- Main Campus Dentistry 10/16/2023 616.31 REG-O 2017 20865 04/23/2025 3 BOOK  
    Medical Superior Information Resource Center (SIRC) Superior University- Main Campus Superior Information Resource Center (SIRC) Superior University- Main Campus Dentistry 02/26/2024 616.31 REG-O 2017 20485 03/06/2024 4 BOOK BOOK
    Medical Superior Information Resource Center (SIRC) Superior University- Main Campus Superior Information Resource Center (SIRC) Superior University- Main Campus Dentistry 12/02/2024 616.31 REG-O 2017 29786 12/02/2024 5 BOOK BOOK

Powered by Koha